Largest Cities By Climate Type in Mexico - Statistics

General Stats
  • This quiz has been taken 7 times
  • The average score is 6 of 11
Answer Stats
Hint Answer % Correct
BWk (Cold desert) Ciudad Juárez
100%
Cwa (Humid subtropical) Guadalajara
100%
Cwb (Subtropical highland) Mexico City
100%
BSh (Hot semi-arid) Monterrey
100%
Aw (Tropical savannah) Mérida
83%
BWh (Hot desert) Torreón
67%
BSk (Cold semi-arid) San Luis Potosí
33%
Cfa (Humid subtropical) Matamoros
17%
Am (Tropical monsoon) Coatzacoalcos
0%
Af (Tropical rainforest) Palenque
0%
Cfb (Oceanic) Xalapa
0%
No matching quizzes found
Score Distribution
Percent of People with Each Score
Percentile by Number Answered
Your Score History
You have not taken this quiz